| 000 | 01074cam a2200337 a 4500 | ||
|---|---|---|---|
| 001 | 12401732 | ||
| 003 | OSt | ||
| 005 | 20191120122628.0 | ||
| 008 | 010425m20009999ph a b 001 0 eng | ||
| 010 | _a 2001307411 | ||
| 020 | _a9789715848831 | ||
| 035 | _a(DLC) 2001307411 | ||
| 037 |
_bLibrary of Congress -- Jakarta Overseas Office _cP200.00 |
||
| 040 |
_aDLC _cDLC _dDLC |
||
| 042 | _alcode | ||
| 043 | _aa-ph--- | ||
| 050 | 0 | 0 |
_aB 5222 _b.G868 2009 |
| 082 | 0 | 0 |
_aFIL 199.599 _bG88 2004 |
| 100 | 1 | _aGripaldo, Rolando M. | |
| 245 | 1 | 0 |
_aFilipino philosophy : _btraditional approach / _cRolando M. Gripaldo |
| 260 |
_aMalate, Manila, Philippines : _bDe La Salle University Press, _c2009 |
||
| 300 |
_axiv. 249 p. ; _bill. ; _c23 cm. |
||
| 504 | _aIncludes bibliographical references and index. | ||
| 562 | _e2 | ||
| 650 | 0 | _aPhilosophy, Philippine. | |
| 906 |
_a7 _bcbc _corigode _d2 _encip _f20 _gy-gencatlg |
||
| 942 |
_2lcc _cBK _kFIL |
||
| 999 |
_c17013 _d17013 |
||